[Event "Bucaramanga Bonita op"]
[Site "Bucaramanga"]
[Date "2021.09.05"]
[Round "6"]
[White "Ibanez, Hernando Ivan"]
[Black "Jaimes Rios, Luis Alejandro"]
[Result "0-1"]
[WhiteElo "1716"]
[BlackElo "1842"]
[PlyCount "80"]
[EventDate "2021.09.04"]
[EventType "swiss"]
[EventRounds "6"]
[EventCountry "COL"]
[SourceTitle "EXT 2022"]
[Source "ChessBase"]
[SourceDate "2021.10.06"]
[SourceVersion "1"]
[SourceVersionDate "2021.10.06"]
[SourceQuality "1"]

1. d4 d6 2. Bf4 c6 3. Nf3 Nd7 4. e3 g6 5. Bc4 Bg7 6. c3 Ngf6 7. Nbd2 0-0 8. 0-0 b5 9. Be2 Qc7 10. a4 Qb6 11. Qb3 Rb8 12. axb5 cxb5 13. Ra3 h6 14. h3 a6 15. Bd3 g5 16. Bh2 Re8 17. Bg6 e6 18. Bd3 e5 19. Bg6 Re7 20. Rfa1 e4 21. Ne1 Nf8 22. Qb4 Nxg6 23. Bxd6 Rc7 24. Bxc7 Qxc7 25. Qb3 Bf8 26. Ra5 Bd6 27. Qd1 Qc6 28. Qe2 Bc7 29. R5a2 Nh4 30. Qd1 Qd6 31. Nf1 g4 32. hxg4 Nxg4 33. Rxa6 Bxa6 34. Qxg4+ Ng6 35. Qxe4 b4 36. Ng3 bxc3 37. bxc3 Bb7 38. Qg4 Qc6 39. Qh5 Bxg3 40. fxg3 Qxc3 0-1

[Event "Bucaramanga Rueda Plata Memorial"]
[Site "Bucaramanga"]
[Date "2017.07.23"]
[Round "4"]
[White "Ibanez, Hernando Ivan"]
[Black "Moreno Vega, Jose Miguel"]
[Result "0-1"]
[WhiteElo "1616"]
[BlackElo "2020"]
[PlyCount "50"]
[EventDate "2017.07.22"]
[EventType "swiss"]
[EventRounds "6"]
[EventCountry "COL"]
[SourceTitle "EXT 2020"]
[Source "ChessBase"]
[SourceDate "2019.10.17"]
[SourceVersion "1"]
[SourceVersionDate "2019.10.17"]
[SourceQuality "1"]

1. d4 f5 2. c4 Nf6 3. Nc3 e6 4. Nf3 Be7 5. Bf4 c6 6. e3 0-0 7. Bd3 d5 8. 0-0 Nbd7 9. Rc1 Ne4 10. cxd5 exd5 11. Ne5 Nxe5 12. Bxe5 Bf6 13. Bg3 Be6 14. Nxe4 fxe4 15. Be2 Qb6 16. Qc2 h6 17. Bh5 Rac8 18. a3 c5 19. dxc5 Qxb2 20. Bd6 Rfd8 21. Qa4 Rxd6 22. cxd6 Rxc1 23. Rxc1 Qxc1+ 24. Qd1 Qxd1+ 25. Bxd1 Be5 0-1